000 00320pam a2200145 a 4500
020 _c
041 _h
082 _a330
_bDES
100 _aDesai
245 _aEconomic Planning And Policy
_hTextual Documents
260 _aMumbai
_bHimalay Publishing House
300 _a557/CB
700 _aBhalerao
930 _a2549
999 _c109381
_d109381